000 00355 a2200133 4500
005 20250616134141.0
020 _a978-0-470-72337-1
082 _a004.01 LAZ
100 _aLAZAR, J.
245 _aResearch Methods :In Human- Computer Interaction.
260 _aNew Delhi,
_bJohn Wiley & son,
_c2010.
700 _aFENG,J,H. & HOCHHEISER, H.
942 _2ddc
_cBKS
999 _c134
_d134